[Event "AUTO-INT-3968"]
[Site "http://www.queenalice.com/game.php?id=1872952"]
[Date "2026.5.5"]
[Round "1"]
[White "newgame"]
[Black "tche_elvio"]
[Result "0-1"]
[WhiteElo "1510"]
[BlackElo "1597"]

1. e4 c5 2. Nf3 Nc6 3. Bc4 e6 4. d4 a6 5. Nc3 b5 6. Bd3 c4 7. Be2 g6 8. d5 Bg7
9. dxc6 d6 10. b3 Bxc3+ 11. Bd2 Bxa1 12. Qxa1 e5 13. bxc4 Ne7 14. Bg5 O-O 15.
O-O Qc7 16. Bxe7 Qxe7 17. cxb5 axb5 18. Bxb5 Ba6 19. Ba4 Bxf1 20. Qxf1 Rxa4 21.
Nd2 Rxa2 22. Qb1 Rfa8 23. Nb3 Qa7 0-1

[Event "AUTO-INT-3968"]
[Site "http://www.queenalice.com/game.php?id=1872953"]
[Date "2026.5.5"]
[Round "1"]
[White "tche_elvio"]
[Black "newgame"]
[Result "1-0"]
[WhiteElo "1610"]
[BlackElo "1497"]

1. e4 e5 2. Nf3 Nc6 3. d4 d6 4. d5 Nd4 5. Nxd4 exd4 6. Qxd4 f6 7. Bd3 b6 8. c4
Ba6 9. Na3 g6 10. b4 Ne7 11. Qxf6 Bg7 12. Qxg7 Kd7 13. b5 Bb7 14. Bg5 Qf8 15.
Qxe7+ Qxe7 16. Bxe7 Kxe7 17. O-O Raf8 18. Nc2 Kf6 19. a4 Bc8 20. g3 Kg7 21. f4
Bb7 22. a5 bxa5 23. Rxa5 a6 24. bxa6 Bc8 25. c5 1-0

[Event "AUTO-INT-3968"]
[Site "http://www.queenalice.com/game.php?id=1872964"]
[Date "2026.5.5"]
[Round "1"]
[White "ajr"]
[Black "tche_elvio"]
[Result "1-0"]
[WhiteElo "1699"]
[BlackElo "1607"]

1. d4 Nf6 2. Nc3 g6 3. Nf3 d5 4. h3 Bg7 5. Bg5 O-O 6. e3 c6 7. Bd3 b6 8. O-O Bb7
9. Re1 Nbd7 10. Ne5 Nxe5 11. f4 Nxd3 12. Qxd3 h6 13. Bxf6 Bxf6 14. a3 Kg7 15. g3
Qd7 16. Kg2 e6 17. g4 Qd6 18. Kg3 g5 19. Rf1 gxf4+ 20. exf4 a5 21. h4 e5 22.
fxe5 Qc7 23. Rxf6 Bc8 24. Qe3 Qd7 25. Qxh6+ Kg8 26. Qg5+ Kh8 27. Rh6# 1-0

[Event "AUTO-INT-3968"]
[Site "http://www.queenalice.com/game.php?id=1872965"]
[Date "2026.5.5"]
[Round "1"]
[White "tche_elvio"]
[Black "ajr"]
[Result "0-1"]
[WhiteElo "1618"]
[BlackElo "1703"]

1. e4 c5 2. d4 d5 3. e5 cxd4 4. Bd3 a6 5. Nf3 Bg4 6. Bf4 e6 7. O-O Qb6 8. b3 Bb4
9. a3 Be7 10. b4 g5 11. Bd2 Nc6 12. h3 Bxf3 13. Qxf3 Nxe5 14. Qg3 Qc7 15. Bxg5
Bxg5 16. Qxg5 f6 17. Qh5+ Qf7 18. Qxf7+ Kxf7 19. a4 Rc8 20. Na3 Ne7 21. Rac1
Nxd3 22. cxd3 Nc6 23. b5 axb5 24. Nxb5 e5 25. Nd6+ Ke6 26. Nxc8 Rxc8 27. a5 Kd7
28. Ra1 Nb4 29. f4 e4 30. dxe4 dxe4 31. g4 e3 32. Rab1 Rc4 33. Rfc1 Rxc1+ 34.
Rxc1 d3 35. Rc3 d2 36. Rxe3 d1=Q+ 37. Kf2 Nd3+ 38. Kg3 Qg1+ 39. Kf3 Qd1+ 40. Ke4
Nc5+ 41. Kf5 Qd4 42. g5 Qxe3 0-1

[Event "AUTO-INT-3968"]
[Site "http://www.queenalice.com/game.php?id=1872970"]
[Date "2026.5.5"]
[Round "1"]
[White "SGF"]
[Black "tche_elvio"]
[Result "0-1"]
[WhiteElo "1778"]
[BlackElo "1595"]

1. e4 c5 2. Qf3 Nc6 3. c3 e5 4. d3 Nf6 5. Be2 g6 6. h4 Bg7 7. Bg5 h5 8. Bxf6
Qxf6 9. Nd2 Qxf3 10. Ngxf3 d6 11. a4 O-O 12. Ng5 f6 13. Ngf3 Be6 14. Nc4 Rad8
15. a5 d5 16. exd5 Bxd5 17. O-O e4 18. dxe4 Bxe4 19. a6 b6 20. b3 Ne5 21. Nfxe5
fxe5 22. f3 Bd3 23. Bxd3 Rxd3 24. Nd6 Rxd6 25. Ra3 e4 26. fxe4 Rxf1+ 27. Kxf1
Bxc3 28. Ke2 Rd2+ 29. Kf3 Bb4 30. Ra4 Rd3+ 31. Kf4 Rxb3 32. Kg5 Ra3 33. Rxa3
Bxa3 34. Kxg6 c4 35. Kxh5 c3 36. g4 c2 37. g5 c1=Q 38. Kh6 Qf4 39. h5 Bf8+ 40.
Kg6 Qf7# 0-1

[Event "AUTO-INT-3968"]
[Site "http://www.queenalice.com/game.php?id=1872971"]
[Date "2026.5.5"]
[Round "1"]
[White "tche_elvio"]
[Black "SGF"]
[Result "0-1"]
[WhiteElo "1621"]
[BlackElo "1671"]

1. e4 e5 2. Nf3 Qf6 3. Nc3 c6 4. d4 d6 5. dxe5 dxe5 6. Bd3 Bb4 7. Bd2 Ne7 8. a3
Bxc3 9. Bxc3 Bg4 10. Be2 b5 11. O-O h5 12. h3 Bxf3 13. Bxf3 a5 14. Bxh5 g6 15.
Qf3 Qxf3 16. Bxf3 f6 17. b4 axb4 18. axb4 Rxa1 19. Bxa1 g5 20. c3 Ng6 21. g3
Rxh3 22. Bg2 Rh7 23. f4 exf4 24. gxf4 Nxf4 25. Bf3 Nd7 26. Kf2 Rh2+ 27. Kg3 Rh3+
28. Kg4 Ne5+ 29. Kf5 Kf7 30. Bg4 Rg3 31. Bh5+ Nxh5 32. Rh1 Rf3# 0-1